000 00812nam a2200265 i 4500
005 20220531105103.0
008 220531t20102010si ||||e |||| 00| f eng d
020 _a9789814193924
_qpaperback
040 _aPPAK
_beng
_cPPAK
_erda
082 0 4 _223
_a823.92
090 0 0 _a823.92
_bLEE
_dKAO
100 1 _aLee, James,
_d1947-
_eauthor.
245 1 4 _aThe Tomb Of Dr Theseus Don't Let The Eagleheads Find You /
_cJAMES LEE
246 3 _aThe Tomb Of Dr Theseus
264 1 _aSingapore :
_bAngsana Books,
_c[2010]
264 4 _c©2010
300 _a126 pages ;
_c19 cm
336 _2rdacontent
_atext
337 _2rdamedia
_aunmediated
338 _2rdacarrier
_avolume
490 1 _aMr Midnight ;
_v#62
650 1 0 _aHorror tales, English
_zSingapore
830 0 _aMr Midnight ;
_v #62
942 _2ddc
_cB
999 _c187836
_d187836